000 00327nam a2200133Ia 4500
008 231129s1980||||xx |||||||||||||| ||spa||
040 _bspa
082 _a986.105 G216e
100 _aGarcia Ortiz Laureano
245 0 _aEstudios historicos
260 _c1980
264 _aInstituto Colombiano de Cultura
942 _2ddc
_cBKS
999 _c13666
_d13666